000 00868nam a22002297a 4500
999 _c4046
_d4046
003 AR-CdUCM
008 190307b ||||| |||| 00| 0 spa d
040 _aMUNICIPALIDAD PROVINCIAL DEL CUSCO
_cBIBLIOTECA MUNICIPAL DEL CUSCO
082 _a869.007 /
_bI59
100 _aInstituto Internacional de Litreratura Iberoamericana
_912882
245 _aLa cultura y la literatura Iberoamericanas /
260 _aMéxico D. F :
_bEdiciones de Andrea,
_c1957.
300 _a236 página ;
_c20 cm.
500 _aDonación de la familia de Luis Nieto
505 _aContenido: El tema de la Cultura, por Arturo Torres Ríoseco -- Sección Hispanoamericana -- Sección Brasileña.
650 _aLiteratura latinoamericana
_91143
650 _aHistoria y crítica
_95993
650 _aAmérica Latina
_91130
650 _aCultura
_9126
942 _2ddc
_cLIBROS
945 _adavv